|
|
|
|
| LEADER |
00000nam a22000007a 4500 |
| 005 |
20111213123211.0 |
| 007 |
cr|||| |||| |
| 008 |
111213s2010 sp |||||s|||| 00||0 spa d |
| 020 |
|
|
|a 978-84-9982-143-6
|
| 035 |
|
|
|a 5904
|
| 040 |
|
|
|a vLex
|
| 090 |
|
|
|c 2823
|d 2823
|
| 100 |
1 |
|
|a Cano Linares, Mara̕ de los ℓngeles
|
| 245 |
1 |
0 |
|a Org̕enes y fundamentos prc̀ticos del mantenimiento de la paz en Naciones Unidas
|h [Recurso electrn̤ico] :
|b Las posiciones durante el pero̕do de la Guerra Fra̕ /
|c Mars̕ de los ℓngeles Cano Linares
|
| 256 |
|
|
|a Servicio en ln̕ea
|
| 260 |
|
|
|a Madrid :
|b Dykinson,
|c 2010.
|
| 300 |
|
|
|a 1 recurso electrn̤ico
|
| 500 |
|
|
|a Desde sus org̕enes, el marco polt̕ico y jurd̕ico que estableci ̤la Carta de las Naciones Unidas para hacer frente a las amenazas a la paz y la seguridad internacionales se vio alterado tanto por las dificultades que surgieron a la hora de hacerlo efectivo como por la voluntad polt̕ica que permitiera al Consejo de Seguridad cumplir de mantera plena las funciones para las que fue creado. No obstante, Naciones Unidas y sus Estados miembros no cejaron, en los primeros aǫs, en el empeǫ de superar estas dificultades y, por ello, se presentaron diversas alternativas que, a la postre, siguieran manteniendo que la Organizacin̤ era la responsable en materia de paz y seguridad internacionales.
|
| 506 |
1 |
|
|a Contenido solo disponible en los productos indicados
|d vLex Global
|d vLex Global (Academic Edition, excluding Law Schools)
|d vLex Global (U.S. Academic Edition, Law Schools)
|d vLex Global (U.S. Academic Edition, excluding Law Schools)
|d vLex Global (Academic Edition, Law Schools)
|
| 610 |
2 |
|
|a Naciones Unidas
|
| 650 |
0 |
4 |
|a Mantenimiento de la paz
|
| 650 |
0 |
4 |
|a Derecho internacional
|
| 740 |
0 |
|
|a vLex Libros (Servicio en ln̕ea)
|
| 856 |
4 |
0 |
|u http://vlex.com/source/origenes-fundamentos-practicos-mantenimiento-paz-naciones-unidas-5904
|z Acceso restringido
|
| 942 |
|
|
|c BOOK
|
| 999 |
0 |
|
|a Peace building
|
| 999 |
0 |
|
|a International law
|